Statistics for First Cameron Ministry 2010

Click here to take the quiz!

General Stats

  • This quiz has been taken 7 times
  • The average score is 7 of 24

Answer Stats

HintAnswer% Correct
Prime MinisterDavid Cameron
100%
Chancellor of the ExchequerGeorge Osborne
100%
Deputy Prime MinisterNick Clegg
83%
Home SecretaryTheresa May
83%
Secretary for EducationMichael Gove
67%
Foreign SecretaryWilliam Hague
67%
Secretary for Culture, Media & SportJeremy Hunt
50%
Secretary for Work & PensionsIain Duncan Smith
33%
Secretary for JusticeKen Clarke
33%
Secretary for TransportPhilip Hammond
33%
Secretary for BusinessVince Cable
33%
Secretary for EnergyChris Huhne
17%
Secretary for DefenceLiam Fox
17%
Secretary for HealthAndrew Lansley
0%
Secretary for International DevelopmentAndrew Mitchell
0%
Secretary for EnvironmentCaroline Spelman
0%
Secretary for WalesCheryl Gillan
0%
Secretary for ScotlandDanny Alexander
0%
Chief Secretary to the TreasuryDavid Laws
0%
Secretary for Local GovernmentEric Pickles
0%
Minister for the Cabinet OfficeFrancis Maude
0%
Leader of the House of CommonsGeorge Young
0%
Secretary for Northern IrelandOwen Patterson
0%
Chief WhipPatrick McLoughlin
0%

Score Distribution

Percentile by Number Answered

Percent of People with Each Score

Your Score History

You have not taken this quiz